00417nam a2200169Ia 4500003000400000005001700004008004100021040000700062082001900069100001900088245003100107260003700138300001200175365001300187650003100200650001600231OSt20230613145232.0210423s2002 xx 000 0 und d cAL a361.3 DESI223 aDESAI (Murali) aIdeologies and social work aJaipurbRawat Publicationsc2002 a235bHB b120cINR aSocial Problems & Services aSocial Work